[Event "Nordic Youth-ch A 2019"]
[Site "Borgarnes"]
[Date "2019.02.16"]
[Round "4.2"]
[White "Heimisson, Hilmir Freyr"]
[Black "Nazarova, Anastasia"]
[Result "0-1"]
[WhiteElo "2394"]
[BlackElo "2176"]
[Annotator "TA"]
[PlyCount "178"]
[EventDate "2019.02.03"]
[EventType "swiss"]
[EventCountry "ISL"]
[SourceTitle "playchess.com"]
[Source "ChessBase"]
[SourceQuality "1"]

{[%evp 20,178,45,-31,31,18,66,-44,-39,-36,-42,-41,0,0,8,0,5,-37,2,13,14,-14,0,0,24,-19,-7,-34,-23,-52,-33,-89,-34,-74,-77,-125,-97,-160,-158,-209,-158,-160,-160,-169,47,-21,-50,-35,-28,-101,-104,-239,-182,-241,-239,-335,-320,-346,-376,-364,-350,-353,-322,-340,-338,-335,-333,-330,-322,-339,-335,-320,-323,-308,-293,-485,-472,-511,-137,-277,0,-462,-480,-1336,-422,-435,-394,-377,-222,-283,0,-338,-333,-297,-269,-340,-310,-6154,-1043,-1200,-1095,-6091,-5707,-5206,-5202,-4924,-607,-537,0,-5069,-2359,-1534,-1449,-992,-453,-429,-274,-273,-222,-222,-119,-275,-158,-164,-168,-586,-611,-451,-161,-256,-165,-485,-431,-478,-8,-8,0,-445,-416,-359,-292,-8272,-247,-29972,-29972,-29977,-29978,-29978,-29979,-29979,-29980,-29980,-29977,-29973,-5114,-29993,-29994,-29994,-29995,-29995,-1296]} 1. d4 d5 2. c4 e6 3. Nc3 Nf6 4. Nf3 Nbd7 5. cxd5 exd5 6. Bf4 c6 7. e3 Be7 8. h3 Ne4 9. Bd3 f5 10. Qc2 O-O 11. O-O-O (11. O-O $14) 11... b5 $146 {A84: Dutch Defence: 2 c4 Miscellaneous} (11... Qa5 $15) ({Predecessor:} 11... Qa5 12. g4 Bb4 13. Bxe4 fxe4 14. Ne5 Nxe5 15. Bxe5 b6 16. Kb1 Ba6 17. Qd2 Rf3 18. Bg3 Raf8 19. Rc1 c5 20. dxc5 bxc5 21. Qd1 c4 22. Re1 R8f7 23. Rg1 R3f6 24. a3 Bxa3 {0-1 (24) Lund,S (2398)-Foisor,C (2418) Ascona 2011}) 12. Kb1 $14 (12. Nxe4 $2 fxe4 13. Qxc6 Nb6 $19) 12... Qa5 13. Bxe4 (13. Nxe4 $6 dxe4 14. Qxc6 Nb6 $11) ({White should try} 13. Rc1 $14) 13... fxe4 $15 {Black is slightly better.} 14. Ne5 Nxe5 15. Bxe5 Ba6 16. Ne2 Rac8 17. f3 b4 (17... exf3 $6 18. gxf3 Qa4 19. b3 $16) 18. Nc1 Bg5 19. Rhe1 Bh4 20. Rh1 Bg5 21. Rhe1 Bh4 22. Rg1 Bc4 23. b3 Ba6 $36 {[%mdl 2048] Black fights for an advantage.} 24. Bd6 Rfe8 (24... exf3 $6 25. gxf3 Rf7 26. Nd3 $14) 25. Bc5 (25. f4 $15) 25... Be7 (25... exf3 $17 26. gxf3 Rxe3) 26. Rge1 Bxc5 27. dxc5 Rc7 28. fxe4 (28. Rd4 $142) 28... Rxe4 $17 29. Ne2 (29. Rd4 $17 Rce7 30. Rxe4 Rxe4 31. Nd3) 29... Bxe2 30. Rxe2 Rce7 31. Rf1 Rf7 $2 (31... Qb5 $19 32. Rf3 Re8) 32. Rxf7 (32. Ref2 $14 Ree7 33. Rxf7 Rxf7 34. Rxf7 Kxf7 35. Qf5+ (35. Qxh7 Qxc5 36. Qf5+ Kg8 $11) 35... Ke7 36. Qe5+ (36. Qxh7 Qxc5 37. Qxg7+ Ke6 $16) 36... Kf7 37. Qf4+ Ke8 38. Qb8+ Qd8 39. Qxb4) 32... Kxf7 $14 {[%mdl 4096] Endgame KQR-KQR} 33. Rf2+ Kg8 34. Rf3 (34. Rf4 $1 $11 {remains equal.}) 34... Qd8 35. Rf4 (35. Kc1 $17) 35... Qe7 36. Rxe4 (36. Qd2 $142) 36... Qxe4 $19 {KQ-KQ} 37. a3 ({Don't play} 37. Qxe4 dxe4 38. Ka1 Kf7) (37. g4 {was necessary.}) 37... a5 $1 {[%cal Ba7a5,Ba5b4][%mdl 32]} ({Weaker is} 37... Qxe3 38. axb4 Qe1+ 39. Ka2 $17) 38. axb4 axb4 39. Kb2 ({Don't blunder} 39. Qxe4 $2 dxe4 40. Kb2 Kf7 $19) 39... Qxe3 40. Qf5 {If only White now had time for Qc8+....} Qxc5 41. Qe6+ Kf8 42. Qf5+ Ke8 43. Qe6+ Kd8 $1 44. Qg8+ Kd7 $1 45. Qxg7+ Qe7 46. Qg4+ Kc7 47. Qf4+ $2 (47. Qd4) 47... Kb7 48. Qd4 Ka6 $2 (48... Qe2+ $19 49. Kc1 Qf1+ 50. Kd2 Qxg2+ {[%mdl 64] Double Attack} 51. Kc1 Qh1+ 52. Kd2 Qh2+ 53. Kd1 Qd6) 49. Qd3+ (49. g4 $17 {was the only defense.}) 49... Kb7 $2 (49... Kb6 $19 {Threatens to win with ...Qg7+.} 50. Qd4+ Kb5 51. Qd3+ Kc5) 50. g4 $2 {[%mdl 8192]} (50. Qd4 $1 $11 {and White has nothing to worry.}) 50... Qe5+ 51. Kc2 (51. Ka2 $142 Qe4 52. Qd2) 51... Qh2+ (51... Qe4 $142 52. g5 Qe5 53. Qxh7+ Kb6) 52. Kb1 Qg1+ 53. Kc2 Qf2+ (53... Qg2+ $142 54. Kc1 Qg1+ 55. Kd2 Qf2+ 56. Kc1 Qe1+ 57. Kc2 Kb6 58. Qd4+ Kb5) 54. Kd1 Qg1+ 55. Kc2 $1 Qg2+ 56. Kc1 Qe4 57. Qd2 c5 58. Qh6 $2 (58. Qf2 c4 59. bxc4) 58... Qh1+ (58... Qe1+ $142 59. Kb2 Qc3+ 60. Ka2 Qc2+ 61. Ka1 Qxb3 62. Qxh7+ Kc6 63. Qg6+ Kb5 64. Qe8+ Kc4 65. Qe2+ Qd3) 59. Kb2 Qg2+ 60. Ka1 Qg1+ 61. Ka2 Qf2+ $1 62. Ka1 Qd4+ (62... c4 $142 63. Qxh7+ Kb6 64. bxc4 b3) 63. Ka2 Qf2+ (63... Qd3 $142 64. Qf6 Qe2+ 65. Kb1 c4 66. bxc4 dxc4) 64. Ka1 $1 Qe1+ (64... c4 $142 65. Qxh7+ Kb6 66. Qg6+ Kc5) 65. Ka2 Qe2+ 66. Ka1 Qe7 (66... c4 $142 67. bxc4 dxc4 68. Qxh7+ Kc6) 67. Qd2 Qf6+ 68. Ka2 Qa6+ 69. Kb1 Qg6+ (69... Qf1+ $19 70. Kc2 Qf3) 70. Ka2 $2 (70. Kc1 $17) 70... Kc6 (70... Qe4 $1 $19 71. Kb2 Kc7) 71. Qe2 $17 Kb6 72. Qd2 $2 (72. Qh2) 72... Qe4 $19 73. Qh2 c4 $2 (73... Kc6 {aiming for ...d4.} 74. Qf2 c4 75. bxc4 dxc4) 74. Qd6+ Kb5 75. Qd7+ Kc5 76. Qa7+ Kc6 $2 ({Better is} 76... Kd6 $1 $19 77. Qb8+ Ke6 78. Qxb4 Qg2+ 79. Ka1 Qxh3 80. bxc4 Qf1+ 81. Kb2 Qe2+ 82. Ka3 Qd3+ 83. Kb2 dxc4) 77. Qa4+ $1 $11 Kc5 $2 {[%mdl 8192]} (77... Kd6 $11 78. Qxb4+ Ke5) 78. Qa7+ $19 Kd6 $1 79. Qb8+ Ke6 $1 80. Qe8+ $2 {[#]} (80. bxc4 Qc2+ 81. Ka1) 80... Kf6 $1 {( -> ...Qc2+)} 81. Qh8+ $2 (81. Qf8+ $19 Kg5 82. Qxb4) 81... Kg5 82. Qg7+ Kh4 83. Qh6+ Kg3 84. Qd6+ Kxh3 85. Qh6+ Kg3 86. Qd6+ Kg2 (86... Kf3 $142 87. Qf8+ Kxg4 88. bxc4 Qxc4+ 89. Kb2 h5 90. Qg7+ Kf3 91. Qf7+ Ke3 92. Qg8 Kf2 93. Qb8 Kg2 94. Qg8+ Kh2 95. Qf8 Kg2 96. Qh6 h4 97. Qg7+ Kh1 98. Qh7 Qc3+ 99. Ka2 Qa3+ 100. Kb1 h3 101. Qf5 Qg3 102. Qxd5+ Qg2 103. Qd3 h2 104. Qb5 {[#]} b3 $1 {[%mdl 512]} 105. Qxb3 Qf1+ 106. Kb2 Kg1 107. Ka3 h1=Q 108. Qe3+ Qf2 109. Qg5+ Qfg2 110. Qc5+ Kh2 111. Qh5+ Qh3+ 112. Qxh3+ Kxh3 113. Kb2 Kg3 114. Kc2 Qe4+ 115. Kb3 Kf3 116. Kc3 Ke3 117. Kb2 Kd3 118. Kb3 Qb7+ 119. Ka2 Kc3 120. Ka3 Qb3#) 87. Qc5 Qc2+ {Black mates.} 88. Ka1 Qc1+ 89. Ka2 cxb3+ {Accuracy: White = 37%, Black = 50%.} (89... Qd2+ $142 90. Kb1 c3 91. Qxd5+ Qxd5 92. Kc2 Qd2+ 93. Kb1 Qb2#) 0-1

[Event "Nordic Youth-ch A 2019"]
[Site "Borgarnes"]
[Date "2019.02.16"]
[Round "4.3"]
[White "Fossan, Andreas"]
[Black "Crevatin, Leo"]
[Result "1/2-1/2"]
[WhiteElo "2025"]
[BlackElo "2190"]
[Annotator "NA"]
[PlyCount "80"]
[EventDate "2019.02.03"]
[EventType "swiss"]
[EventCountry "ISL"]
[SourceTitle "playchess.com"]
[Source "ChessBase"]
[SourceQuality "1"]
[TimeControl "5400+30"]

1. d4 {[%emt 0:00:00]} d5 {[%emt 0:00:00]} 2. c4 {[%emt 0:00:00]} c6 {[%emt 0:00:00]} 3. Nf3 {[%emt 0:00:23]} e6 {[%emt 0:00:00]} 4. e3 {[%emt 0:00:11]} Nf6 {[%emt 0:04:53]} 5. Nbd2 {[%emt 0:05:22]} c5 {[%emt 0:01:36]} 6. cxd5 exd5 {[%emt 0:00:02]} 7. dxc5 {[%emt 0:03:56]} Bxc5 {[%emt 0:03:43]} 8. a3 a5 9. Bb5+ {[%emt 0:09:21]} Bd7 {[%emt 0:03:21]} 10. Bxd7+ {[%emt 0:05:07]} Qxd7 {[%emt 0:01:23]} 11. O-O {[%emt 0:01:18]} O-O {[%emt 0:01:03]} 12. Nb3 {[%emt 0:01:03]} Bb6 {[%emt 0:01:15]} 13. Nbd4 {[%emt 0:01:51]} Nc6 {[%emt 0:00:18]} 14. b3 {[%emt 0:01:59]} Rac8 {[%emt 0:03:23]} 15. Bb2 {[%emt 0:02:09]} Ne4 {[%emt 0:04:41]} 16. Nxc6 {[%emt 0:09:23]} bxc6 {[%emt 0:01:45]} 17. b4 {[%emt 0:01:44]} axb4 {[%emt 0:04:15]} 18. axb4 {[%emt 0:00:49]} Qb7 {[%emt 0:06:02]} 19. Nd4 {[%emt 0:09:03]} f6 {[%emt 0:16:01]} 20. Nf5 {[%emt 0:12:48]} Rb8 {[%emt 0:07:32]} 21. Rc1 {[%emt 0:03:42]} Kh8 {[%emt 0:03:27]} 22. Kh1 {[%emt 0:05:37]} Qd7 {[%emt 0:02:49]} 23. Nd4 {[%emt 0:01:57]} Rfc8 {[%emt 0:03:55]} 24. Ba1 {[%emt 0:04:03]} Bd8 {[%emt 0:04:33]} 25. f3 {[%emt 0:07:21]} Nd6 {[%emt 0:01:11]} 26. Bc3 {[%emt 0:02:14]} Be7 {[%emt 0:01:19]} 27. Re1 {[%emt 0:02:15]} Nc4 {[%emt 0:02:49]} 28. Nc2 {[%emt 0:00:41]} Bd6 {[%emt 0:05:21]} 29. Qe2 {[%emt 0:02:40]} Be5 {[%emt 0:00:46]} 30. Nd4 {[%emt 0:01:23]} Bxd4 {[%emt 0:01:06]} 31. Bxd4 {[%emt 0:01:19]} Rxb4 {[%emt 0:01:11]} 32. Red1 {[%emt 0:01:08]} Qe7 {[%emt 0:02:48]} 33. Re1 {[%emt 0:03:36]} Rbb8 {[%emt 0:01:37]} 34. e4 {[%emt 0:00:58]} c5 {[%emt 0:01:01]} 35. Bg1 {[%emt 0:00:32]} Nb6 {[%emt 0:06:03]} 36. exd5 {[%emt 0:00:25]} Qxe2 37. Rxe2 Nxd5 {[%emt 0:00:44]} 38. Rxc5 {[%emt 0:00:57]} Rxc5 {[%emt 0:00:12]} 39. Bxc5 {[%emt 0:00:08]} Rb1+ {[%emt 0:00:14]} 40. Bg1 {[%emt 0:00:15]} h5 {[%emt 0:01:00]} 1/2-1/2

[Event "Nordic Youth-ch A 2019"]
[Site "Borgarnes"]
[Date "2019.02.16"]
[Round "4.4"]
[White "Skaale, Janus"]
[Black "Keinanen, Toivo"]
[Result "0-1"]
[WhiteElo "1765"]
[BlackElo "2403"]
[Annotator "ChessBase"]
[PlyCount "140"]
[EventDate "2019.02.03"]
[EventType "swiss"]
[EventCountry "ISL"]
[SourceTitle "playchess.com"]
[Source "ChessBase"]
[SourceQuality "1"]
[TimeControl "5400+30"]

1. e4 c6 {[%emt 0:00:40]} 2. d4 {[%emt 0:00:23]} d5 {[%emt 0:00:10]} 3. Nc3 {[%emt 0:00:26]} a6 {[%emt 0:02:54]} 4. Be3 {[%emt 0:07:35]} b5 5. Bd3 {[%emt 0:00:30]} b4 {[%emt 0:02:01]} 6. Nce2 {[%emt 0:01:12]} dxe4 {[%emt 0:00:47]} 7. Bxe4 {[%emt 0:00:58]} Nf6 {[%emt 0:00:55]} 8. Bd3 {[%emt 0:07:39]} Bg4 {[%emt 0:00:05]} 9. h3 {[%emt 0:00:56]} Bh5 10. Qd2 Nd5 {[%emt 0:02:00]} 11. Ng3 {[%emt 0:05:30]} Bg6 {[%emt 0:00:11]} 12. Nf3 {[%emt 0:00:16]} e6 {[%emt 0:00:19]} 13. Ne5 {[%emt 0:04:17]} Nd7 {[%emt 0:05:32]} 14. Nxg6 {[%emt 0:07:11]} hxg6 {[%emt 0:00:02]} 15. O-O {[%emt 0:02:30]} Be7 16. c4 {[%emt 0:03:36]} bxc3 {[%emt 0:03:39]} 17. bxc3 {[%emt 0:00:06]} O-O {[%emt 0:00:43]} 18. Rab1 {[%emt 0:07:07]} Qc7 {[%emt 0:06:26]} 19. c4 {[%emt 0:01:32]} Nxe3 {[%emt 0:00:54]} 20. Qxe3 {[%emt 0:00:32]} Rfd8 {[%emt 0:01:42]} 21. Be4 {[%emt 0:13:21]} Rac8 {[%emt 0:03:39]} 22. Rfd1 {[%emt 0:01:24]} Bd6 {[%emt 0:02:53]} 23. Ne2 {[%emt 0:01:28]} Nf6 {[%emt 0:02:34]} 24. Bf3 {[%emt 0:02:10]} Rb8 {[%emt 0:01:55]} 25. g3 {[%emt 0:06:05]} Be7 {[%emt 0:03:08]} 26. Nc3 {[%emt 0:02:27]} Rb4 {[%emt 0:02:05]} 27. Rxb4 {[%emt 0:01:09]} Bxb4 {[%emt 0:00:02]} 28. Ne4 {[%emt 0:00:17]} Be7 {[%emt 0:01:11]} 29. Nxf6+ {[%emt 0:02:53]} gxf6 {[%emt 0:03:39]} 30. d5 {[%emt 0:05:43]} cxd5 {[%emt 0:02:54]} 31. cxd5 {[%emt 0:00:03]} e5 {[%emt 0:01:19]} 32. Be2 {[%emt 0:03:53]} Bc5 {[%emt 0:01:00]} 33. Qb3 {[%emt 0:08:05]} Qa7 {[%emt 0:03:30]} 34. Rf1 {[%emt 0:00:08]} Kg7 {[%emt 0:00:48]} 35. Bc4 {[%emt 0:01:14]} Rb8 {[%emt 0:00:52]} 36. Qc2 {[%emt 0:01:10]} Bd4 {[%emt 0:01:10]} 37. Bb3 {[%emt 0:00:37]} a5 {[%emt 0:00:00]} 38. Qc6 {[%emt 0:01:39]} Rb6 {[%emt 0:02:24]} 39. Qe8 {[%emt 0:01:02]} Qc7 {[%emt 0:03:28]} 40. Kg2 {[%emt 0:01:12]} f5 {[%emt 0:01:24]} 41. Rd1 {[%emt 0:01:40]} Rd6 {[%emt 0:01:05]} 42. Qb5 {[%emt 0:00:30]} Qc3 {[%emt 0:02:50]} 43. Qd3 {[%emt 0:00:28]} Qc5 {[%emt 0:00:20]} 44. Qc4 {[%emt 0:00:04]} Bxf2 {[%emt 0:02:38]} 45. Qxc5 {[%emt 0:00:23]} Bxc5 {[%emt 0:00:01]} 46. Rc1 {[%emt 0:00:18]} Bb6 {[%emt 0:00:01]} 47. a4 {[%emt 0:01:17]} e4 {[%emt 0:01:31]} 48. Kf1 {[%emt 0:00:30]} Kf6 {[%emt 0:00:58]} 49. Ke2 {[%emt 0:00:08]} Ke5 {[%emt 0:00:25]} 50. Rc8 {[%emt 0:00:19]} g5 {[%emt 0:01:08]} 51. h4 {[%emt 0:00:44]} gxh4 {[%emt 0:00:19]} 52. gxh4 {[%emt 0:00:02]} f4 {[%emt 0:00:14]} 53. Re8+ {[%emt 0:00:37]} Kd4 {[%emt 0:00:43]} 54. Bc2 {[%emt 0:00:23]} f5 {[%emt 0:01:35]} 55. h5 {[%emt 0:00:44]} f3+ {[%emt 0:00:35]} 56. Kf1 {[%emt 0:00:18]} Kc3 {[%emt 0:03:25]} 57. Bd1 {[%emt 0:01:16]} Rxd5 {[%emt 0:00:50]} 58. Bxf3 {[%emt 0:00:22]} exf3 {[%emt 0:00:09]} 59. Re1 {[%emt 0:00:24]} Rd2 {[%emt 0:01:03]} 60. Rb1 {[%emt 0:00:31]} Bd4 {[%emt 0:00:20]} 61. Rc1+ {[%emt 0:00:09]} Kd3 {[%emt 0:00:11]} 62. Re1 {[%emt 0:00:10]} Rf2+ {[%emt 0:00:15]} 63. Kg1 {[%emt 0:00:13]} Rg2+ {[%emt 0:00:46]} 64. Kh1 {[%emt 0:00:05]} Rg4 {[%emt 0:00:07]} 65. Kh2 {[%emt 0:00:34]} f2 {[%emt 0:00:06]} 66. Rb1 {[%emt 0:00:22]} Ke2 {[%emt 0:00:13]} 67. h6 {[%emt 0:00:48]} f1=B {[%emt 0:00:34]} 68. h7 {[%emt 0:00:27]} Be5+ {[%emt 0:00:12]} 69. Kh1 {[%emt 0:00:10]} Bg2+ {[%emt 0:00:06]} 70. Kg1 {[%emt 0:00:07]} Bb7# {[%emt 0:00:05]} 0-1

[Event "Nordic Youth-ch A 2019"]
[Site "Borgarnes"]
[Date "2019.02.16"]
[Round "4.5"]
[White "Sjoberg, Isak"]
[Black "Briem, Stephan"]
[Result "1/2-1/2"]
[WhiteElo "2250"]
[BlackElo "1987"]
[Annotator "NA"]
[PlyCount "37"]
[EventDate "2019.02.03"]
[EventType "swiss"]
[EventCountry "ISL"]
[SourceTitle "playchess.com"]
[Source "ChessBase"]
[SourceQuality "1"]
[TimeControl "5400+30"]

1. e4 {[%emt 0:00:36]} d5 {[%emt 0:00:00]} 2. exd5 {[%emt 0:01:26]} Qxd5 {[%emt 0:00:00]} 3. Nc3 {[%emt 0:01:38]} Qd6 {[%emt 0:00:50]} 4. d4 Nf6 {[%emt 0:00:05]} 5. Bc4 {[%emt 0:06:16]} a6 6. Nf3 {[%emt 0:02:19]} b5 {[%emt 0:01:03]} 7. Bb3 {[%emt 0:01:50]} Bb7 {[%emt 0:00:50]} 8. Ne5 {[%emt 0:04:31]} e6 {[%emt 0:02:48]} 9. O-O {[%emt 0:02:06]} c5 10. Bf4 Qb6 {[%emt 0:11:39]} 11. dxc5 {[%emt 0:02:52]} Bxc5 {[%emt 0:00:39]} 12. a4 {[%emt 0:02:43]} Nc6 {[%emt 0:09:45]} 13. axb5 {[%emt 0:05:46]} axb5 {[%emt 0:01:26]} 14. Rxa8+ {[%emt 0:01:35]} Bxa8 {[%emt 0:00:15]} 15. Nd3 {[%emt 0:07:12]} Be7 {[%emt 0:17:11]} 16. Be3 {[%emt 0:04:42]} Qb8 {[%emt 0:00:46]} 17. Qe2 {[%emt 0:06:24]} O-O {[%emt 0:03:23]} 18. Nc5 {[%emt 0:11:18]} b4 {[%emt 0:05:18]} 19. N3a4 {[%emt 0:03:13]} 1/2-1/2

[Event "Nordic Youth-ch A 2019"]
[Site "Borgarnes"]
[Date "2019.02.16"]
[Round "4.6"]
[White "Sorensen, Hampus"]
[Black "Tryggestad, Andreas Garberg"]
[Result "1/2-1/2"]
[WhiteElo "2289"]
[BlackElo "2351"]
[Annotator "NA"]
[PlyCount "104"]
[EventDate "2019.02.03"]
[EventType "swiss"]
[EventCountry "ISL"]
[SourceTitle "playchess.com"]
[Source "ChessBase"]
[SourceQuality "1"]
[TimeControl "5400+30"]

1. d4 {[%emt 0:00:11]} Nf6 {[%emt 0:00:00]} 2. c4 {[%emt 0:00:42]} g6 {[%emt 0:00:00]} 3. Nc3 {[%emt 0:00:26]} d5 {[%emt 0:00:00]} 4. Nf3 {[%emt 0:00:05]} Bg7 {[%emt 0:00:00]} 5. h4 {[%emt 0:00:14] D90: Grünfeld: 4 Nf3 Bg7 sidelines} (5. Qb3 dxc4 6. Qxc4 O-O 7. e4 Nc6 8. Be2 e5 9. d5 Nd4 10. Nxd4 exd4 11. Qxd4 c6 12. Qc4 b5 13. Qxc6 Bd7 14. Qd6 Re8 15. Bg5 Rb8 16. a3 {½-½ (31) Giri,A (2783)-Mamedyarov,S (2817) Wijk aan Zee 2019}) 5... dxc4 {[%emt 0:02:42]} 6. e4 {[%emt 0:00:56]} c5 {[%emt 0:00:06]} 7. d5 {[%emt 0:01:45]} b5 {[%emt 0:00:02]} 8. h5 {[%emt 0:02:03]} O-O {[%emt 0:09:50]} 9. hxg6 {[%emt 0:01:06]} hxg6 {[%emt 0:00:05]} 10. e5 {[%emt 0:18:50]} Ng4 {[%emt 0:00:40]} 11. Bf4 $146 {[%emt 0:16:02]} ({Predecessor:} 11. d6 e6 12. Nxb5 Nc6 {1-0 (25) Song,M (2413)-Krykun,Y (2242) Khanty-Mansiysk 2016}) 11... Qa5 {[%emt 0:04:23]} 12. Qd2 {[%emt 0:02:31]} Na6 {[%emt 0:00:23]} 13. Rc1 {[%emt 0:05:45]} Rd8 {[%emt 0:12:16]} 14. a4 {[%emt 0:06:42]} b4 {[%emt 0:16:10]} 15. Nd1 {[%emt 0:00:47]} c3 {[%emt 0:02:19]} 16. bxc3 {[%emt 0:01:13]} bxc3 {[%emt 0:08:33]} 17. Nxc3 {[%emt 0:05:31]} Nb4 {[%emt 0:00:02]} 18. Bb5 {[%emt 0:03:03]} Bb7 {[%emt 0:10:36]} 19. Rh4 {[%emt 0:09:48]} Bxd5 {[%emt 0:00:14]} 20. Nxd5 {[%emt 0:01:20]} Rxd5 {[%emt 0:00:01]} 21. Qc3 {[%emt 0:00:07]} Nxe5 {[%emt 0:15:40]} 22. Bxe5 {[%emt 0:00:28]} Rxe5+ {[%emt 0:00:27]} 23. Nxe5 {[%emt 0:00:34]} Bxe5 {[%emt 0:00:02]} 24. Qf3 {[%emt 0:02:25]} Rd8 {[%emt 0:00:12]} 25. Kf1 {[%emt 0:00:52]} Bf6 {[%emt 0:01:59]} 26. Re4 {[%emt 0:01:56]} Na2 {[%emt 0:00:52]} 27. Rxc5 {[%emt 0:04:53]} a6 {[%emt 0:02:05]} 28. Qb3 {[%emt 0:06:23]} axb5 29. Qxa2 {[%emt 0:00:13]} Rd1+ {[%emt 0:02:55]} 30. Ke2 {[%emt 0:00:01]} Re1+ {[%emt 0:04:55]} 31. Kf3 {[%emt 0:00:20]} Rxe4 {[%emt 0:00:22]} 32. Rc8+ {[%emt 0:00:09]} Kg7 {[%emt 0:00:01]} 33. Kxe4 {[%emt 0:00:08]} bxa4 {[%emt 0:00:20]} 34. Qd5 {[%emt 0:01:34]} Qa6 {[%emt 0:02:23]} 35. Qc4 {[%emt 0:02:13]} Qb7+ {[%emt 0:00:10]} 36. Qc6 {[%emt 0:00:16]} Qb1+ {[%emt 0:01:14]} 37. Ke3 $2 {[%emt 0:00:54]} (37. Qc2 Qb7+) 37... a3 {[%emt 0:01:03]} 38. Qe8 {[%emt 0:00:51]} Qb6+ {[%emt 0:01:23]} 39. Kd2 {[%emt 0:00:51]} Qxf2+ {[%emt 0:02:22]} 40. Kd1 {[%emt 0:00:01]} Qd4+ {[%emt 0:01:18]} 41. Kc2 {[%emt 0:02:17]} Qb2+ {[%emt 0:00:01]} 42. Kd1 {[%emt 0:02:06]} Qb3+ {[%emt 0:00:01]} 43. Kd2 {[%emt 0:00:11]} Bg5+ {[%emt 0:01:19]} 44. Ke2 {[%emt 0:00:42] [#]} Qe3+ $1 {[%emt 0:00:20]} 45. Kf1 {[%emt 0:00:02]} Qd3+ {[%emt 0:01:19]} 46. Kg1 {[%emt 0:02:23]} Be3+ {[%emt 0:00:24]} 47. Kh2 {[%emt 0:01:03] [#]} Bf4+ $2 {[%emt 0:00:14]} ({Black should try} 47... Kf6 $1 $19 48. Qh8+ Ke6) 48. Kg1 {[%emt 0:00:01]} Be3+ {[%emt 0:01:21]} (48... Kf6 49. Qc6+ Kg5) 49. Kh2 {[%emt 0:00:02]} Bf4+ {[%emt 0:00:26]} 50. Kg1 {[%emt 0:00:01]} Qd1+ $19 {[%emt 0:00:49]} 51. Kf2 {[%emt 0:00:02]} Qd2+ {[%emt 0:00:04]} 52. Kf1 {[%emt 0:00:15]} Qd3+ 1/2-1/2

[Event "Nordic Youth-ch A 2019"]
[Site "Borgarnes"]
[Date "2019.02.16"]
[Round "4.7"]
[White "Holm, Filip"]
[Black "Stefansson, Vignir Vatnar"]
[Result "0-1"]
[WhiteElo "1960"]
[BlackElo "2263"]
[Annotator "NA"]
[PlyCount "42"]
[EventDate "2019.02.03"]
[EventType "swiss"]
[EventCountry "ISL"]
[SourceTitle "playchess.com"]
[Source "ChessBase"]
[SourceQuality "1"]
[TimeControl "5400+30"]

1. e4 g6 {[%emt 0:00:00]} 2. d4 {[%emt 0:04:52]} Bg7 {[%emt 0:00:00]} 3. c4 {[%emt 0:03:18]} d6 {[%emt 0:02:24]} 4. Nc3 {[%emt 0:00:17]} Nf6 {[%emt 0:02:03]} 5. Bd3 {[%emt 0:00:10]} e5 {[%emt 0:00:33]} 6. d5 {[%emt 0:00:25]} O-O {[%emt 0:00:43]} 7. b4 a5 {[%emt 0:02:21]} 8. bxa5 {[%emt 0:02:26]} Na6 {[%emt 0:01:14]} 9. Nge2 {[%emt 0:04:42]} Nh5 {[%emt 0:01:33]} 10. Be3 {[%emt 0:01:28]} f5 11. f3 {[%emt 0:00:30]} Nf4 {[%emt 0:02:01]} 12. O-O {[%emt 0:02:10]} Qg5 {[%emt 0:02:40]} 13. g3 {[%emt 0:02:47]} Nh3+ {[%emt 0:00:15]} 14. Kh1 {[%emt 0:00:10]} Qxe3 15. Kg2 {[%emt 0:03:18]} Ng5 {[%emt 0:00:26]} 16. Nc1 {[%emt 0:05:04]} fxe4 {[%emt 0:00:14]} 17. Nxe4 {[%emt 0:00:44]} Bh3+ {[%emt 0:00:07]} 18. Kh1 {[%emt 0:01:29]} Nxe4 {[%emt 0:00:09]} 19. fxe4 {[%emt 0:01:00]} Bxf1 {[%emt 0:00:40]} 20. Bxf1 {[%emt 0:00:15]} Qxe4+ {[%emt 0:00:11]} 21. Bg2 {[%emt 0:00:05]} Qd4 {[%emt 0:00:06]} 0-1

[Event "Nordic Youth-ch A 2019"]
[Site "Borgarnes"]
[Date "2019.02.16"]
[Round "4.8"]
[White "Carlsson, Ludvig"]
[Black "Norlamo, Sarabella"]
[Result "1-0"]
[WhiteElo "2217"]
[BlackElo "1841"]
[Annotator "NA"]
[PlyCount "75"]
[EventDate "2019.02.03"]
[EventType "swiss"]
[EventCountry "ISL"]
[SourceTitle "playchess.com"]
[Source "ChessBase"]
[SourceQuality "1"]
[TimeControl "5400+30"]

1. e4 {[%emt 0:00:00]} e5 {[%emt 0:00:00]} 2. Nf3 {[%emt 0:00:00]} Nc6 3. Bc4 {[%emt 0:00:00]} Nf6 {[%emt 0:00:00]} 4. Ng5 {[%emt 0:00:00]} d5 {[%emt 0:00:00]} 5. exd5 {[%emt 0:00:00]} Na5 {[%emt 0:00:00]} 6. Bb5+ c6 {[%emt 0:00:00]} 7. dxc6 {[%emt 0:00:15]} bxc6 {[%emt 0:10:23]} 8. Bd3 {[%emt 0:12:03]} Bd6 {[%emt 0:00:30]} 9. Nc3 {[%emt 0:03:49]} Nb7 10. Qf3 {[%emt 0:00:30]} Qc7 {[%emt 0:08:09]} 11. Nce4 {[%emt 0:04:19]} Be7 {[%emt 0:03:22]} 12. b3 {[%emt 0:09:29]} Nc5 {[%emt 0:08:23]} 13. Nxc5 {[%emt 0:00:51]} Bxc5 {[%emt 0:00:08]} 14. Ne4 {[%emt 0:00:15]} Nxe4 {[%emt 0:01:30]} 15. Bxe4 {[%emt 0:00:42]} Bd7 {[%emt 0:01:45]} 16. Bb2 {[%emt 0:01:43]} O-O {[%emt 0:01:55]} 17. Bf5 {[%emt 0:05:08]} Rfe8 {[%emt 0:03:45]} 18. O-O-O {[%emt 0:01:19]} Bxf5 {[%emt 0:05:50]} 19. Qxf5 {[%emt 0:00:09]} Qd6 {[%emt 0:01:15]} 20. Kb1 {[%emt 0:04:07]} Ba3 {[%emt 0:04:47]} 21. Bxa3 {[%emt 0:00:51]} Qxa3 {[%emt 0:00:05]} 22. Rhe1 {[%emt 0:00:07]} Qd6 {[%emt 0:03:46]} 23. Re4 {[%emt 0:02:33]} Rad8 {[%emt 0:03:36]} 24. d3 {[%emt 0:03:50]} Re6 {[%emt 0:11:30]} 25. Rde1 {[%emt 0:02:27]} Rde8 {[%emt 0:04:22]} 26. h4 {[%emt 0:04:59]} g6 {[%emt 0:10:59]} 27. Qf3 {[%emt 0:00:29]} Qd8 {[%emt 0:05:40]} 28. h5 {[%emt 0:01:23]} Kg7 {[%emt 0:02:36]} 29. Qe3 {[%emt 0:02:58]} Qc7 {[%emt 0:01:46]} 30. h6+ {[%emt 0:01:23]} Kg8 {[%emt 0:01:21]} 31. f4 {[%emt 0:00:06]} f6 {[%emt 0:03:36]} 32. Qc5 {[%emt 0:02:51]} Qd7 {[%emt 0:01:25]} 33. fxe5 {[%emt 0:00:16]} Rxe5 {[%emt 0:02:08]} 34. Rxe5 {[%emt 0:00:15]} Rxe5 {[%emt 0:00:37]} 35. Rxe5 {[%emt 0:00:07]} fxe5 {[%emt 0:00:03]} 36. Qxe5 {[%emt 0:00:07]} a6 {[%emt 0:01:13]} 37. a4 {[%emt 0:00:19]} Qa7 {[%emt 0:01:09]} 38. Qe8# 1-0